000 00909nam a2200265 a 4500
005 20160331105839.0
008 140304b2000 ck ||||| |||| 00| 0 spa d
020 _a9589037933
040 _aCO-BoIAVH
_cCO-BoIAVH
041 _aspa
044 _ack
082 1 4 _a660.6
_bA66e
245 1 0 _aExperiencias en biotecnología :
_bempresas y centros de vinculación universidad-empresa en América Latina y el Caribe /
_ceditado por Rafael Aramendis y Osiris Ocando
260 _aBogotá:
_bColciencias,
_bOEa;
_c2000.
300 _a134 páginas.
650 1 4 _aBiotecnología
650 1 4 _aTransferencia de tecnología
_zAmérica Latina
650 1 4 _aFinanciación
650 1 4 _aBiología molecular
662 _aColombia
662 _aBrasil
700 1 _aOcando, Osiris C.
_eeditor
700 1 _aAramendis Ramírez, Rafael H.
_eeditor
942 _cLIBRO
_2ddc
999 _c2041
_d2041